000 00781nam a2200217Ii 4500
003 JO-AjNU
008 230605s9999||||xx |||||||||||||| ||und||
017 _a2005/4/933
040 _aJO-AjNU
_bara
_erda
_cJO-AjNU
041 _aara
050 1 4 _aBP193.1 2005
100 3 _aضبط ومراجعة: مدغمش، جمال عبد الغني,
_eauthor
_914311
245 0 0 _aحكم الإمام علي بن أبي طالب ومواعظه
250 _aط1
264 3 1 _aعمان: دار الاسراء للنشر والتوزيع، 2005
300 _a79ص
336 _atext
_btxt
_2rdacontent
337 _aunmediated
_bn
_2rdamedia
338 _avolume
_bnc
_2rdacarrier
650 4 _aالسيرة النبوية- الصحابة- التاريخ الاسلامي- الحكمة
_914312
999 _aA3786
_c7354
_d7354